Vybrané problémy v oblasti rýchlej a pomalej módy

Porovnanie konceptu rýchlej a pomalej módy a udržateľnosti vybraných značiek pooužitím aplikácie Good on You.

Na minha lista:
Detalhes bibliográficos
Autor principal: Matušovičová, Monika, 1967-
Formato: Capítulo de Livro
Idioma:eslovaco
Assuntos:
Tags: Adicionar Tag
Sem tags, seja o primeiro a adicionar uma tag!

MARC

LEADER 00000naa$a2200000$$$4500
001 0313392
005 20260112124040.3
041 0 |a slo 
044 |a SK 
245 1 0 |a Vybrané problémy v oblasti rýchlej a pomalej módy  |c Monika Matušovičová 
520 |a Porovnanie konceptu rýchlej a pomalej módy a udržateľnosti vybraných značiek pooužitím aplikácie Good on You. 
610 2 0 |a textil 
610 2 0 |a značky 
610 2 0 |a udržateľnosť 
610 2 0 |a hodnotenie 
100 1 |a Matušovičová, Monika, 1967-